Monumenti famosi - Statistics

Statistiche generali
  • Questo quiz è stato fatto 321 volte
  • Il punteggio medio è 14 su 16
Statistiche sulle risposte
con Immagini Risposta % Corretto
Francia
98%
Italia
98%
Italia
98%
Italia
98%
Cina
97%
Egitto
97%
Brasile
96%
Grecia
94%
Stati Uniti d'America
94%
Stati Uniti d'America
94%
India
90%
Inghilterra
87%
Spagna
83%
Emirati Arabi Uniti
66%
Russia
54%
Monaco
23%
Nessun quiz corrispondente trovato
Distribuzione punteggi
Percentuale di utenti per punteggio
Percentile per numero di risposta
I tuoi punteggi nel tempo
Non hai fatto questo quiz